[Event "ESP-chT2 Gr2"]
[Site "Burguillos"]
[Date "2009.08.05"]
[Round "1"]
[White "Barrios Munoz, Antonio Oscar"]
[Black "Carbonell Bofill, Carlos Eloy"]
[Result "1-0"]
[WhiteElo "2120"]
[BlackElo "2203"]
[PlyCount "77"]
[EventDate "2009.08.05"]
[EventType "team-swiss"]
[EventRounds "6"]
[EventCountry "ESP"]
[SourceTitle "CBM 131 Extra"]
[Source "ChessBase"]
[SourceDate "2009.09.03"]
[SourceVersion "2"]
[SourceVersionDate "2009.09.16"]
[SourceQuality "1"]

1. d4 d5 2. Nf3 Nf6 3. g3 c6 4. Bg2 Bf5 5. 0-0 Qc8 6. c4 Bh3 7. Nc3 Bxg2 8. Kxg2 dxc4 9. a4 Nbd7 10. e4 e6 11. Qe2 Bb4 12. e5 Nd5 13. Qxc4 a5 14. Ne4 Qc7 15. Bd2 Be7 16. Rfe1 N7b6 17. Qb3 Nb4 18. Bg5 Bf8 19. Nfd2 h6 20. Be3 Qd7 21. Nc3 Be7 22. Nde4 N6d5 23. Qd1 0-0-0 24. Rc1 f5 25. exf6 gxf6 26. Qe2 f5 27. Nd2 e5 28. Nb3 e4 29. Nxa5 Nd3 30. Nc4 Qe6 31. Nxd5 cxd5 32. Ne5+ Nxc1 33. Rxc1+ Kb8 34. Qb5 Rd6 35. Bf4 Ka8 36. Rc7 Rb8 37. Nd7 Bd8 38. Bxd6 Qxd6 39. Nb6+ 1-0

[Event "Andalucia-ch"]
[Site "Torremolinos"]
[Date "2003.05.25"]
[Round "7.12"]
[White "Rubio Doblas, Fco Javier"]
[Black "Barrios Munoz, Antonio Oscar"]
[Result "1/2-1/2"]
[WhiteElo "2057"]
[BlackElo "2192"]
[PlyCount "113"]
[EventDate "2003.05.24"]
[EventType "swiss"]
[EventRounds "8"]
[EventCountry "ESP"]
[SourceTitle "EXT 2004"]
[Source "ChessBase"]
[SourceDate "2003.11.25"]
[SourceVersion "1"]
[SourceVersionDate "2003.11.25"]
[SourceQuality "1"]

1. e4 c5 2. Nf3 d6 3. d4 cxd4 4. Nxd4 Nf6 5. Nc3 g6 6. Be2 Bg7 7. 0-0 0-0 8. Bg5 Nc6 9. Nb3 Bd7 10. f4 Rc8 11. Kh1 a6 12. Bf3 b5 13. Re1 Ne8 14. e5 dxe5 15. Bxc6 Rxc6 16. fxe5 h6 17. Bh4 Rc4 18. Bg3 Nc7 19. Na5 Rg4 20. e6 Rd4 21. exf7+ Rxf7 22. Qe2 b4 23. Ne4 Bb5 24. Qg4 Bd7 25. Qxg6 Bf5 26. Qc6 Nd5 27. Nb7 Qf8 28. Nec5 Rf6 29. Qa4 Nf4 30. c3 Rc4 31. Qb3 Qf7 32. Nd8 Qd5 33. Bxf4 Bh3 34. Re4 Rxf4 35. Qxc4 Qxc4 36. Rxc4 Rxc4 37. cxb4 Bxb2 38. Rf1 Bc8 39. Nde6 Bf6 40. a3 Rc2 41. h3 Ra2 42. a4 Bxe6 43. Nxe6 Rxa4 44. Rb1 Bc3 45. Nc5 Rxb4 46. Rxb4 Bxb4 47. Nxa6 Bd6 48. Kg1 Kf7 49. Kf2 Ke6 50. Ke3 Kd5 51. Kd3 e5 52. g4 e4+ 53. Ke3 Ke5 54. h4 Be7 55. g5 hxg5 56. hxg5 Bxg5+ 57. Ke2 1/2-1/2